Devinez dans quel pays ce situe ces capitales Quiz 1. - Statistiques

Statistiques générales
  • Ce quiz a été pris 999 fois
  • Le résultat moyen est 12 sur 15
Statistiques - réponses
Hint Réponse % Correct
Paris France
100%
Mexico City Mexique
98%
Berlin Allemagne
96%
Pékin Chine
96%
Moscou Russie
96%
Washington D.C États-Unis
94%
Ottawa Canada
89%
Stockholm Suède
85%
Oslo Norvège
84%
Helsinki Finlande
80%
Copenhague Danemark
79%
Belgrade Serbie
63%
Pretoria Afrique du Sud
58%
Sao-Tomé Sao-Tomé-et-Principe
45%
Port Louis Île Maurice
30%
Aucun quiz correspondant
Distribution des résultats
% des personnes avec chaque résultat
Percentile par nombre de réponses
Votre historique - résultats
Vous n’avez pas pris ce quiz